000 00253nam a22001097a 4500
008 240711b |||||||| |||| 00| 0 eng d
100 _aNarayan, Shyam
_916890
245 _aRang Rati Lahar
260 _bKahani Publication
300 _a60p.
942 _cBK
999 _c40044
_d40044